Chi ha eliminato l'Italia agli Europei - Statistics

Statistiche generali
  • Questo quiz è stato fatto 12 volte
  • Il punteggio medio è 9 su 10
Statistiche sulle risposte
ANNO NAZIONALE % Corretto
2016 Germania
100%
2008 Spagna
100%
2012 Spagna
100%
2024 Svizzera
100%
2000 Francia
92%
2004 Danimarca/Svezia/Bulgaria
83%
1996 Cechia/Repubblica Ceca/Russia/Germania
75%
1988 URSS/Unione Sovietica
75%
1964 URSS/Unione Sovietica
67%
1980 Belgio/Inghilterra/Spagna
58%
Nessun quiz corrispondente trovato
Distribuzione punteggi
Percentuale di utenti per punteggio
Percentile per numero di risposta
I tuoi punteggi nel tempo
Non hai fatto questo quiz